Quick Pick: Winnie-the-Pooh Characters Quiz Stats

 Plays Quiz Updated May 25, 2018

Challenge
Share
Tweet
Embed
Score 0/10 Timer 01:00
3 Plays Today
% Correct
Winnie-the-Pooh
98.1%
Piglet
97.9%
Tigger
97.8%
Eeyore
96.9%
Christopher Robin
96.2%
Roo
95.2%
Owl
93.9%
Kanga
91.6%
Rabbit
90.7%
Gopher
51.8%

Today's Daily Dose

Missing Word
Hayao Miyazaki

Word Ladder
Florida

On This Day
December 13th II

You're not logged in!

Compare scores with friends on all Sporcle quizzes.
OR
Log In

You Might Also Like...

Show Comments

Extras

Top Quizzes Today


Score Distribution

Your Account Isn't Verified!

In order to create a playlist on Sporcle, you need to verify the email address you used during registration. Go to your Sporcle Settings to finish the process.

Report this User

Report this user for behavior that violates our Community Guidelines.

Details: